|
|
|
|
| LEADER |
01546nam a2200301 a 4500 |
| 001 |
14325621 |
| 003 |
BD-DhAAL |
| 008 |
090721s2005 bg b b i000 0 eng d |
| 010 |
|
|
|a 2006345785
|
| 040 |
|
|
|a DLC
|c DLC
|
| 082 |
0 |
0 |
|a 338/.064/082095492
|2 22
|
| 245 |
0 |
0 |
|a Revitalizing the agricultural technology system in Bangladesh.
|
| 260 |
|
|
|a Dhaka :
|b The World Bank Office,
|c 2005.
|
| 300 |
|
|
|a xix, 156 p. :
|b col. maps ;
|c 29 cm.
|
| 490 |
0 |
|
|a Bangladesh development series ;
|v paper no. 7
|
| 500 |
|
|
|a "Document of the World Bank."
|
| 500 |
|
|
|a "Agriculture and Rural Development"--Cover.
|
| 504 |
|
|
|a Includes bibliographical references (p. [137]-143).
|
| 526 |
|
|
|x Salim khan
Sr. program Associate
James P. Grant School.
Course name and no. N/A
|
| 541 |
1 |
|
|a A H Development publishing house
|e 00018471
|
| 650 |
|
0 |
|a Agricultural innovations
|z Bangladesh.
|
| 710 |
2 |
|
|a World Bank.
|
| 710 |
2 |
|
|a World Bank.
|b Agriculture and Rural Development Dept.
|9 57957
|
| 852 |
4 |
|
|a School of Public Health
|j General Shelf.
|
| 942 |
|
|
|2 ddc
|c BK
|
| 999 |
|
|
|c 2647
|d 2647
|
| 952 |
|
|
|0 0
|1 0
|2 ddc
|4 0
|6 338_064082095492000_WOR_2005
|7 0
|9 2431
|a JPGSPH
|b JPGSPH
|d 2009-04-29
|e A H Development Publishing House.
|g 7800.00
|l 0
|o 338.064082095492 WOR
|p 3060018471
|r 2009-07-22
|t 1
|w 2009-07-22
|y BK
|x Requisitioned by Salim khan, Sr. program Associate, James P. Grant School. Course name and no. N/A
|
| 952 |
|
|
|0 0
|1 0
|2 ddc
|4 0
|6 338_064082095492000_WOR_2005
|7 0
|9 11005
|a BRACUL
|b BRACUL
|c GEN
|d 2010-06-15
|l 1
|o 338.064082095492 WOR
|p 3010015641
|r 2014-10-27
|s 2014-10-21
|t 2
|w 2010-06-15
|y BK
|